000 00329nam a2200133Ia 4500
005 20251222144634.0
008 251222s9999||||xx |||||||||||||| ||spa||
020 _a978-9972-38-783-8
082 _a869.57/E86
100 _aEspinar La Torre, Óscar E.
245 0 _aLa Virreina Gobernadora
264 _bSan Marcos
942 _cLIB
999 _c16422
_d16422